书目信息 |
| 题名: |
常用字字帖
|
|
| 作者: | ;上海书画出版社 编辑 | |
| 分册: | 二 楷、隶、行、草 、篆 | |
| 出版信息: | 上海 上海书画出版社 1978 |
|
| 页数: | 107—200页 | |
| 开本: | 26cm | |
| 丛书名: | ||
| 单 册: | ||
| 中图分类: | J292.3 , J292.2 | |
| 科图分类: | ||
| 主题词: | 法帖--中国--现代 , 书法--中国 , 篆刻--中国 | |
| 电子资源: | ||
| ISBN: | ||
| 000 | 00726nam0 2200265 45 | |
| 001 | 0178005108 | |
| 005 | 20040519163546.2 | |
| 010 | @dCNY0.50 | |
| 091 | @a7172.110 | |
| 100 | @a19950724d1978 em y0chiy0121 ea | |
| 101 | 0 | @achi |
| 102 | @aCN@b310000 | |
| 105 | @ay z 000yy | |
| 106 | @ar | |
| 200 | 10 | @a常用字字帖@Achang yong zi zi tie@f上海书画出版社编辑@h二@i楷、隶、行、草 、篆 |
| 210 | @a上海@c上海书画出版社@d1978 | |
| 215 | @a107—200页@d26cm | |
| 606 | @a法帖@y中国@z现代 | |
| 606 | 0 | @a书法@x中国 |
| 606 | 0 | @a篆刻@x中国 |
| 690 | @aJ292.3@v3 | |
| 690 | @aJ292.2@v3 | |
| 711 | 02 | @a上海书画出版社@Ashang hai shu hua chu ban she@4编辑 |
| 801 | 0 | @aCN@bNLC@c20040519 |
| 905 | @f1@b101886@dJ292.2@e20:2 | |
| 常用字字帖/上海书画出版社编辑.二.楷、隶、行、草 、篆.-上海:上海书画出版社,1978 |
| 107—200页;26cm |
| ISBN :CNY0.50 |
| ● |
| 相关链接 |
|
|
|
|
正题名:常用字字帖
索取号:J292.2/20:2
 
预约/预借
| 序号 | 登录号 | 条形码 | 馆藏地/架位号 | 状态 | 备注 |
| 1 | 0011043 | 202302043 | 密集书库/ [索取号:J292.2/20:2] | 在馆 | |
| 2 | 0101884 | 202302089 | 密集书库/ [索取号:J292.2/20:2] | 在馆 | |
| 3 | 0101886 | 001930147 | 第一借阅区/ [索取号:J292.2/20:2] | 在馆 |